Normal view
MARC view
- He, Yigang.
Entry Personal Name
001 - CONTROL NUMBER
- control field: 56736
003 - CONTROL NUMBER IDENTIFIER
- control field: OSt
005 - DATE AND TIME OF LATEST TRANSACTION
- control field: 20240426121907.0
008 - FIXED-LENGTH DATA ELEMENTS
- fixed length control field: 240426|| aca||aabn | a|a d
040 ## - CATALOGING SOURCE
- Original cataloging agency: OSt
- Transcribing agency: OSt
100 ## - HEADING--PERSONAL NAME
- Personal name: He, Yigang.
- Relator term: author.
670 ## - SOURCE DATA FOUND
- Source citation: Work cat.: (OSt): Chen, Mingyun. author. 56735, Open-circuit fault diagnosis method in NPC rectifiers using fault-assumed strategy /, November 2022.
